| 000 | 02418cam a22005294i 4500 | ||
|---|---|---|---|
| 003 | PE-LiUPU | ||
| 005 | 20250731173108.0 | ||
| 008 | 181211s2018 kyu r 001 0 eng d | ||
| 020 | _a0664262430 | ||
| 020 | _a9780664262433 | ||
| 035 | _a(Sirsi) a250998 | ||
| 040 |
_aPE-LiUPU _bspa _cPE-LiUPU _erda |
||
| 049 | _aPRUA | ||
| 082 | 0 | 4 |
_a251.6 _bC7 _223 |
| 245 | 0 | 0 |
_aConnections : _ba lectionary commentary for preaching and worship. _pYear C. _nVolume 1, _pAdvent through Epiphany / _cJoel B. Green [y otros cuatro]. |
| 250 | _aPrimera edición. | ||
| 264 | 1 |
_aLouisville : _bWestminster John Knox Press, _c[2018]. |
|
| 300 |
_axiv, 332 páginas ; _c27 centímetros |
||
| 336 |
_atext _2rdacontent |
||
| 337 |
_aunmediated _2rdamedia |
||
| 338 |
_avolume _2rdacarrier |
||
| 504 | _aÍndice: páginas 321-332. | ||
| 505 | 0 | _aFirst Sunday of Advent -- Second Sunday of Advent -- Third Sunday of Advent -- Fourth Sunday of Advent -- Christmas Eve/Nativity of the Lord, Proper I -- Christmas Eve/Nativity of the Lord, Proper II -- Christmas Eve/Nativity of the Lord, Proper III -- First Sunday after Christmas Day -- Second Sunday after Christmas Day -- Epiphany of the Lord -- Baptism of the Lord -- Second Sunday after the Epiphany -- Third Sunday after the Epiphany -- Fourth Sunday after the Epiphany -- Fifth Sunday after the Epiphany -- Sixth Sunday after the Epiphany -- Seventh Sunday after the Epiphany -- Eighth Sunday after the Epiphany -- Ninth Sunday after the Epiphany -- Transfiguration Sunday. | |
| 526 | _aSEG42 | ||
| 526 | _aSEG41 | ||
| 526 | _aSEG40 | ||
| 526 | _aSEG39 | ||
| 526 | _aP94 | ||
| 526 | _aP87 | ||
| 526 | _aP86 | ||
| 526 | _aP85 | ||
| 526 | _aP77 | ||
| 526 | _aP76 | ||
| 526 | _aP35 | ||
| 650 | 0 | 4 | _aLa predicación del leccionario. |
| 650 | 0 | 4 | _aLeccionarios. |
| 700 | 1 |
_aGreen, Joel B., _d1956-, _eeditor. |
|
| 700 | 1 |
_aLong, Thomas G., _d1946-, _eeditor. |
|
| 700 | 1 |
_aPowery, Luke A., _d1974-, _eeditor. |
|
| 700 | 1 |
_aRigby, Cynthia L., _eeditor. |
|
| 910 |
_adbm _brri _crri _d20181211 |
||
| 942 |
_2ddc _cBOOK |
||
| 994 |
_aC0 _bPEPRU |
||
| 596 | _a1 | ||
| 999 |
_a251.6 C7 _wDEWEY _c30450 _i79341 _f2021-11-10 _g4 _lCCODEBUL1 _mBUL _p22.50 _r0 _sY _tBOOK _u2018-12-11 _xTEOLOGIA _PP85 _0DONACION _1FCOMPR2 _o.STAFF. Colección Teología _d30450 |
||
| 980 |
_81 _gALBERTO SANCHEZ Responsable de Automatización |
||